Numerical techniques for stochastic systems : a collection of papers based on the lectures presented at the Conference on Numerical Techniques for Stochastic Systems, held at Gargnano, Italy, September 1979 /
Guardado en:
| Autor Corporativo: | |
|---|---|
| Otros Autores: | , |
| Formato: | Libro |
| Idioma: | English |
| Publicado: |
Amsterdam : New York :
North-Holland Pub. Co. ; sole distributors for the U.S.A. and Canada, Elsevier North-Holland,
1980.
|
| Materias: | |
| Etiquetas: |
Agregar Etiqueta
Sin Etiquetas, Sea el primero en etiquetar este registro!
|
| LEADER | 01274cam a22002535a 4500 | ||
|---|---|---|---|
| 001 | EIQ.libpla000297 | ||
| 008 | 800409s1980####ne#a#####b####100#0#eng#d | ||
| 005 | 20060814185535.0 | ||
| 245 | 0 | 0 | |a Numerical techniques for stochastic systems : |b a collection of papers based on the lectures presented at the Conference on Numerical Techniques for Stochastic Systems, held at Gargnano, Italy, September 1979 / |c edited by Francesco Archetti and Mario Cugiani. |
| 260 | |a Amsterdam : |b North-Holland Pub. Co. ; |a New York : |b sole distributors for the U.S.A. and Canada, Elsevier North-Holland, |c 1980. | ||
| 300 | |a viii, 406 p. : |b il. ; |c 23 cm. | ||
| 504 | |a Incluye referencias bibliográficas. | ||
| 020 | |a 0444860002 | ||
| 700 | 1 | |a Archetti, Francesco, |d 1946-, |e ed. |4 edt | |
| 700 | 1 | |a Cugiani, Mario., |e ed. |4 edt | |
| 711 | 2 | |a Conference on Numerical Techniques for Stochastic Systems |d (1979 : |c Gargnano, Italy) | |
| 082 | 0 | 0 | |a 519.2 |
| 650 | 4 | |a Sistemas estocásticos |x Ensayos, lecturas. | |
| 650 | 4 | |a Análisis numéricos |x Ensayos, lecturas. | |
| 650 | 0 | |a Stochastic systems |x Addresses, essays, lectures. | |
| 650 | 0 | |a Numerical analysis |x Addresses, essays, lectures. | |
| 010 | |a 80014670 | ||
| 040 | |a DLC |c DLC |d AR-BbSID | ||
| 859 | |a AR-BbSID |b BIB. PLAPIQUI |h 519.2 |i Arch 22 |p 1560 | ||
